000 00385nam a2200157Ia 4500
008 230711s9999||||xx |||||||||||||| ||und||
041 _aENG
082 _a624
_bSY-R
100 _aGoel,A.K 
245 0 _aReinforced concrete structures
250 _a3rd . Ed.
260 _c1992
_aAllahabad
_bWheeler & Corporative
650 _aCivil Engineering
700 _aSyal,I C
942 _cBK
999 _c2291
_d2291